The remnant : on the brink of Armageddon /

Bibliographic Details
Main Author: LaHaye, Tim, 1926-2016
Other Authors: Jenkins, Jerry B.
Format: Book
Language:English
Published: Wheaton, Ill. : Tyndale House Publishers, [2002]
Series:LaHaye, Tim, 1926-2016. Left behind series.
Subjects:

MARC

Tag First Indicator Second Indicator Subfields
LEADER 00000cam a22000008a 4500
001 in00001692313
005 20171201154104.0
008 020205s2002 ilu 000 1 eng
010 |a  2002001623 
020 |a 0842332278 (alk. paper) 
035 |a (OCoLC)ocm48951115 
040 |a DLC  |c DLC  |d RLS  |d UtOrBLW 
049 |a TXAM 
050 0 0 |a PS3562.A315  |b R46 2002 
082 0 0 |a 813/.54  |2 21 
100 1 |a LaHaye, Tim,  |d 1926-2016. 
245 1 4 |a The remnant :  |b on the brink of Armageddon /  |c Tim LaHaye, Jerry B. Jenkins. 
263 |a 0206 
264 1 |a Wheaton, Ill. :  |b Tyndale House Publishers,  |c [2002] 
264 4 |c ©2002 
300 |a xv, 405 pages ;  |c 24 cm. 
336 |a text  |b txt  |2 rdacontent 
337 |a unmediated  |b n  |2 rdamedia 
338 |a volume  |b nc  |2 rdacarrier 
490 1 |a Left behind series 
650 0 |a Steele, Rayford (Fictitious character)  |v Fiction. 
650 0 |a Rapture (Christian eschatology)  |v Fiction. 
650 0 |a Armageddon  |v Fiction. 
655 7 |a Christian fiction.  |2 gsafd 
655 7 |a Fantasy fiction.  |2 gsafd 
700 1 |a Jenkins, Jerry B. 
800 1 |a LaHaye, Tim,  |d 1926-2016.  |t Left behind series. 
948 |a cataloged  |b h  |c 2002/7/22  |d c  |e ceaton  |f 2:52:19 pm 
994 |a E0  |b TXA 
999 |a MARS 
999 f f |s 864885a5-829f-31b6-89d9-d27a9ad289fc  |i 27b567b4-342a-3fb9-a095-37b8e7e7e4ce  |t 0 
952 f f |p normal  |a Texas A&M University  |b College Station  |c Sterling C. Evans Library  |d Evans: Library Stacks  |t 0  |e PS3562.A315 R46 2002  |h Library of Congress classification  |i unmediated -- volume  |m A14833116811 
998 f f |a PS3562.A315 R46 2002  |t 0  |l Evans: Library Stacks